MARC details
| 000 -CABECERA |
| campo de control de longitud fija |
00966cam a2200289 i 4500 |
| 001 - NÚMERO DE CONTROL |
| campo de control |
000001394 |
| 003 - IDENTIFICADOR DEL NÚMERO DE CONTROL |
| campo de control |
DO-SdBNP |
| 005 - FECHA Y HORA DE LA ÚLTIMA TRANSACCIÓN |
| campo de control |
20260318092433.0 |
| 007 - CAMPO FIJO DE DESCRIPCIÓN FÍSICA--INFORMACIÓN GENERAL |
| campo de control de longitud fija |
ta |
| 008 - DATOS DE LONGITUD FIJA--INFORMACIÓN GENERAL |
| campo de control de longitud fija |
810109s1979 sp b 001 0 spa |
| 020 ## - NÚMERO INTERNACIONAL ESTÁNDAR DEL LIBRO |
| Número Internacional Estándar del Libro |
8437601932 |
| 040 ## - FUENTE DE LA CATALOGACIÓN |
| Centro catalogador/agencia de origen |
DO-SdBNP |
| Lengua de catalogación |
spa |
| Centro/agencia transcriptor |
BNPHU |
| Normas de descripción |
rda |
| 041 ## - CÓDIGO DE LENGUA |
| Código de lengua del texto/banda sonora o título independiente |
spa |
| 082 #4 - NÚMERO DE LA CLASIFICACIÓN DECIMAL DEWEY |
| Número de clasificación |
302.2 |
| Número de documento/Ítem |
S741c |
| Número de edición |
22 |
| 245 00 - MENCIÓN DE TÍTULO |
| Título |
Semiótica de la cultura / |
| Mención de responsabilidad, etc. |
Jurij M. Lotman ; introducción, selección y notas de Jorge Lozano ; traducción de, Nieves Mendez. |
| 264 #1 - PRODUCCIÓN, PUBLICACIÓN, DISTRIBUCIÓN, FABRICACIÓN Y COPYRIGHT |
| Producción, publicación, distribución, fabricación y copyright |
Madrid : |
| Nombre del de productor, editor, distribuidor, fabricante |
Ediciones Catedra, |
| Fecha de producción, publicación, distribución, fabricación o copyright |
1979. |
| 300 ## - DESCRIPCIÓN FÍSICA |
| Extensión |
245 p. ; |
| Dimensiones |
22 cm. |
| 500 ## - NOTA GENERAL |
| Nota general |
Incluye referencias bibliográficas |
| 650 #4 - PUNTO DE ACCESO ADICIONAL DE MATERIA--TÉRMINO DE MATERIA |
| Término de materia o nombre geográfico como elemento de entrada |
Semiótica |
| 9 (RLIN) |
4668 |
| 650 #7 - PUNTO DE ACCESO ADICIONAL DE MATERIA--TÉRMINO DE MATERIA |
| Término de materia o nombre geográfico como elemento de entrada |
Cultura |
| Fuente del encabezamiento o término |
LIBRUNAM |
| 9 (RLIN) |
89224 |
| 700 1# - PUNTO DE ACCESO ADICIONAL--NOMBRE DE PERSONA |
| Nombre de persona |
Lotman, IU. M. |
| Forma completa/desarrollada del nombre |
(IUrii Mikhailovich), |
| Fechas asociadas al nombre |
1922-1993. |
| 9 (RLIN) |
4669 |
| 700 1# - PUNTO DE ACCESO ADICIONAL--NOMBRE DE PERSONA |
| Nombre de persona |
Lozano, Jorge. |
| Término indicativo de función/relación |
introducción |
| 9 (RLIN) |
4670 |
| 700 1# - PUNTO DE ACCESO ADICIONAL--NOMBRE DE PERSONA |
| Nombre de persona |
Mendez, Nieves, |
| Término indicativo de función/relación |
traductor |
| Código de función/relación |
tr. |
| 9 (RLIN) |
4671 |
| 710 2# - PUNTO DE ACCESO ADICIONAL--NOMBRE DE ENTIDAD CORPORATIVA |
| Nombre de entidad corporativa o nombre de jurisdicción como elemento de entrada |
Tartu Riiklik Ulikool. |
| 9 (RLIN) |
4672 |
| 910 ## - DATOS DE OPCIÓN DEL USUARIO (OCLC) |
| Datos de opción del usuario |
Catalogación por copia / LC |
| 942 ## - ELEMENTOS DE PUNTO DE ACCESO ADICIONAL (KOHA) |
| Fuente del sistema de clasificación o colocación |
Dewey Decimal Classification |
| Tipo de ítem Koha |
Libro |